<?xml version="1.0" encoding="UTF-8"?>
<record
    xmlns:xsi="http://www.w3.org/2001/XMLSchema-instance"
    xsi:schemaLocation="http://www.loc.gov/MARC21/slim http://www.loc.gov/standards/marcxml/schema/MARC21slim.xsd"
    xmlns="http://www.loc.gov/MARC21/slim">

  <leader>04538    a2200301   4500</leader>
  <controlfield tag="003">OSt</controlfield>
  <controlfield tag="005">20180116192333.0</controlfield>
  <controlfield tag="008">120209t        xxu||||| |||| 00| 0 eng d</controlfield>
  <datafield tag="010" ind1=" " ind2=" ">
    <subfield code="a">  2002512417</subfield>
  </datafield>
  <datafield tag="020" ind1=" " ind2=" ">
    <subfield code="a">0470846984</subfield>
  </datafield>
  <datafield tag="035" ind1=" " ind2=" ">
    <subfield code="a">(OCoLC)ocm49834003</subfield>
  </datafield>
  <datafield tag="040" ind1=" " ind2=" ">
    <subfield code="c">0</subfield>
  </datafield>
  <datafield tag="082" ind1="0" ind2="4">
    <subfield code="a">725.8</subfield>
  </datafield>
  <datafield tag="100" ind1="1" ind2=" ">
    <subfield code="a">Stu&#xCC;&#x2C6;rzebecher, Peter.</subfield>
  </datafield>
  <datafield tag="245" ind1="1" ind2="0">
    <subfield code="a">Architecture for sport :</subfield>
    <subfield code="b">new concepts and international projects for sport and leisure /</subfield>
    <subfield code="c">Peter Stu&#xCC;&#x2C6;rzebecher, Sigrid Ulrich ; with a preface by Frei Otto.</subfield>
  </datafield>
  <datafield tag="260" ind1=" " ind2=" ">
    <subfield code="a">Chichester, West Sussex, England :</subfield>
    <subfield code="b">Wiley-Academy,</subfield>
    <subfield code="c">2002.</subfield>
  </datafield>
  <datafield tag="300" ind1=" " ind2=" ">
    <subfield code="a">280 p. :</subfield>
    <subfield code="b">ill. (some col.) ;</subfield>
    <subfield code="c">30 cm.</subfield>
  </datafield>
  <datafield tag="500" ind1=" " ind2=" ">
    <subfield code="a">Includes index</subfield>
  </datafield>
  <datafield tag="505" ind1=" " ind2=" ">
    <subfield code="a">Otto.   SPECIALIST CONTRIBUTIONS. Architecture for Sport: New Ways of Integration - Economy and Modern Living (Peter St&#xC3;&#xBC;rzebacher, Sigrid Ulrich, Hamburg/Berlin/Vatilieu (Grenoble).   Mad and Made for Sports: Sport in Everyday Life (Thomas Beyer, Hamburg).   Sport Worlds: Work and Sport - Insider Opinions from Nike, Reebok, Adidas (Benjamin Hossbach, Berlin).   Glass Exteriors: Transparent Facings and Constructions (Heinz W. Krewinkel, B&#xC3;&#xB6;blingen).   Aerodynamic Expanses: Architecture Without Perspectives or Angles (Niccol&#xC3;&#xB2;) Baldassini, Florence/Paris.   PROJECTS. 25 International Projects (Peter St&#xC3;&#xBC;rzebecher, Sigrid Ulrich).   International Athletic Centre: Sydney, 2000 - (Philip Cox, Richardson, Taylor, Peddle, Thorp).   Retractable Roof over the Centre at Rothenbaum in Hamburg (Werner Sobek).   Stade Charl&#xC3;&#xA9;ty in Paris (Henri and Bruno Gaudin).   Stade de la Licorne in Amiens (Philippe Chaix and Jean-Paul Morel).   Stade de Gerland in Lyons (Tony Garnier/Albert Constantin).   San Nicola Sports Stadium in Bari (Renzo Piano Building Workshop).   Rankhof Football Stadium in Basle (Michael Alder).   Sepang International Circuit in Sepang (Hermann Tilke, Peter Wahl, Ulrich Merres).   Sports Hall in Losone (Livio Vacchini).   Buchholz Sports Hall in Uster (Stefan Camenzind and Michael Gr&#xC3;&#xA4;fensteiner).   A Hall for Sport and Culture in Meiningen (Peter Kulka).   Horst-Korber Sports Centre in Berlin (Langhof-H&#xC3;&#xA4;nni-Meerstein).   Sports Hall in the Sixth Form College in Berlin (L&#xC3;&#xA9;on Wohlhage Wernik Architekten).   Sports Facilities in a School for the Physically Disabled in Ingolstadt (Vogel and Brunninger).   National Training Centre for Rhythmic Gymnastics in Alicante (Enric Miralles).   'Dojo r&#xC3;&#xA9;gional' Judo Hall in Br&#xC3;&#xA9;tigny-sur-Orge near Paris (Patrick Berger).   Sports Hall and Playing Field in the Candie-Saint-Bernard Block of Flats in Paris (Massimiliano Fuksas).   Gymnase du Lyc&#xC3;&#xA9;e Gustave Eiffel in Talange (Alain P&#xC3;&#xA9;lissier).   Baseball Hall: O-Shaped Dome in Odate (Toyo Ito).   Columbia Swimming Pool in Berlin (Peter St&#xC3;&#xBC;rzebecher).   San Fernando de Henares Swimming Centre in Madrid (Luis Moreno Mansilla and Emilio Tun&#xC3;&#xB3;n.   Swimming Pool in a Shopping Centre in Toyko (Tadao Ando).   Adventure Pool in a Hotel in Oulu (Paavo Karjaleinen and Arktes Oy).   River and Rowing Museum in Henley-on Thames (David Chipperfield).   Netherlands Sports Museum in Lelystad (Victor Mani).   SPECIALIST CONTRIBUTIONS.   Subterranean Movements: In Earth Architecture (Martin Wimmer, Berlin).   Body and Rock: A Thermal Spring of Natural Stone in the Swiss Village of Vals (Peter Zumthor).   Art Room - Sports Room: Work in Progress by Tedashi Kawamata and Bathing Resort in Zug by Alfred Kr&#xC3;&#xA4;henb&#xC3;&#xBC;hl (Peter St&#xC3;&#xBC;rzebecher).   Architecture Room - Sports Room: Bath House for Saint Nazaire by Sven Liebrecht (Peter St&#xC3;&#xBC;rzebecher).   Asphalt Sport: A Private Appearance in the Urban Space (Peter St&#xC3;&#xBC;rzebecher, Sigrid).   La Ville comme Stade: Paris, Press Report (St&#xC3;&#xA9;phane Courarie-Delage, Paris).   A Magical Place Called 'Stadium' (Ulrich Pramann, W&#xC3;&#xB6;rthsee (M&#xC3;&#xBC;nich).   APPENDIX.   Catalogue of Projects.   Short Biographies.   Architects and Structural Designers and Engineers.   Index of Photographers for the Specialist Contributions.   Index of Projects.</subfield>
  </datafield>
  <datafield tag="650" ind1=" " ind2="0">
    <subfield code="a">Sports facilities.</subfield>
  </datafield>
  <datafield tag="650" ind1=" " ind2="0">
    <subfield code="a">Public architecture.</subfield>
  </datafield>
  <datafield tag="700" ind1="1" ind2=" ">
    <subfield code="a">Ulrich, Sigrid,</subfield>
    <subfield code="d">1954-</subfield>
  </datafield>
  <datafield tag="856" ind1="4" ind2="2">
    <subfield code="3">Contributor biographical information</subfield>
    <subfield code="u">http://www.loc.gov/catdir/bios/wiley044/2002512417.html</subfield>
  </datafield>
  <datafield tag="856" ind1="4" ind2="2">
    <subfield code="3">Publisher description</subfield>
    <subfield code="u">http://www.loc.gov/catdir/description/wiley037/2002512417.html</subfield>
  </datafield>
  <datafield tag="856" ind1="4" ind2="2">
    <subfield code="3">Table of contents</subfield>
    <subfield code="u">http://www.loc.gov/catdir/toc/wiley031/2002512417.html</subfield>
  </datafield>
  <datafield tag="942" ind1=" " ind2=" ">
    <subfield code="a">SADA</subfield>
    <subfield code="c">BK</subfield>
    <subfield code="k">725.8 STU 2002</subfield>
    <subfield code="2">ddc</subfield>
  </datafield>
  <datafield tag="999" ind1=" " ind2=" ">
    <subfield code="c">352393</subfield>
    <subfield code="d">352393</subfield>
  </datafield>
  <datafield tag="952" ind1=" " ind2=" ">
    <subfield code="0">0</subfield>
    <subfield code="1">0</subfield>
    <subfield code="2">ddc</subfield>
    <subfield code="4">0</subfield>
    <subfield code="7">0</subfield>
    <subfield code="a">SADA</subfield>
    <subfield code="b">SADA</subfield>
    <subfield code="d">2010-08-31</subfield>
    <subfield code="l">11</subfield>
    <subfield code="m">6</subfield>
    <subfield code="o">725.8 STU 2002</subfield>
    <subfield code="p">SADA0000085</subfield>
    <subfield code="r">2016-06-07</subfield>
    <subfield code="s">2016-05-19</subfield>
    <subfield code="v">3249.00</subfield>
    <subfield code="w">2011-08-05</subfield>
    <subfield code="y">BK</subfield>
  </datafield>
</record>
